Business letters for busy people : more than 130 time-saring,ready-to-use business letters for any occasion

Bibliographic Details
Main Author: Dugger, Jim
Format: Book
Published: Singapore : SSMB , 1994
Edition:2nd ed
Subjects:

MARC

LEADER 00000cam a2200000 7i4500
001 0000006505
002 000007017
005 20000330.0
020 |a 9813046295 
090 0 0 |a 808.6   |b DUG 
100 1 |a Dugger, Jim 
245 1 0 |a Business letters for busy people :   |b more than 130 time-saring,ready-to-use business letters for any occasion   |c Jim Dugger 
250 |a 2nd ed 
260 |a Singapore :   |b SSMB ,   |c 1994 
300 |a 210 p. ;   |c 25 cm. 
650 0 0 |a Letter writing, English 
999 |a 040061   |b BUKU   |c PINJAMAN   |e PERPUSTAKAAN KOMUNITI PETALING JAYA